00541nam a2200181 a 450000100060000000300080000600500170001400800410003103500190007204000280009104100080011908200240012710000320015124500440018326000580022730000210028565000530030662780BD-RjUL20211209081124.0810313s1950 enk 000 0 eng  a(BD-RjUL)62908 aDLCcCarPdBD-RjULbeng aeng 223a811.5bGAA 19501 aGardner, Helen,d1908-1986.04aThe art of T. S. Eliot /cHelen Gardner aLondon :bThe cresset press,c1949 [impression 1950]. a183 p. ;c22 cm. aEliot, T. S. -- (Thomas Stearns), -- 1888-1965.